El Nacionalismo

Detalles Bibliográficos
Autor principal: Basave, B. Agustn̕
Formato: Libro
Publicado: Mx̌ico Nostra Ediciones 2007
Materias:
Acceso en línea:Acceso restringido

MARC

LEADER 00000nam a22000007a 4500
005 20151006111152.0
007 cr|||| ||
008 151006s2007 spa|||||||||| 00||0 sp d
020 |a 978-968-5447-46-1 
035 |a 12845 
040 |a vLex 
090 |c 5576  |d 5576 
100 1 |a Basave, B. Agustn̕  
245 1 3 |a El Nacionalismo  |h [Recurso electrn̤ico]  |c Agustn̕ Basave B.  
256 |a Servicio en ln̕ea 
260 |a Mx̌ico  |b Nostra Ediciones  |c 2007 
300 |a 1 recurso electrn̤ico 
506 |a Contenido disponible solo en los productos indicados  |d vLex Global  |d vLex Global (Academic Edition, excluding Law Schools)  |d vLex Global (U.S. Academic Edition, Law Schools)  |d vLex Global (U.S. Academic Edition, excluding Law Schools)  |d vLex Global (Academic Edition, Law Schools) 
650 0 4 |a Nacionalismo  |z Mx̌ico 
740 0 |a vLex libros (Servicio en ln̕ea) 
856 4 0 |u http://vlex.com/source/nacionalismo-12845  |z Acceso restringido  
942 |c BOOK 
999 0 |a Nationalism